000 00473nam a2200157 a 4500
001 000022042
005 20200930011546.0
008 100916s1946 dr 000 0 spa d
040 _aDO-SdBNP
_bspa
_cBNPHU
082 _axxx
_bM828s
100 1 _aMorales Castillo, Antonio
_917944
245 1 3 _aEl silencioso de la acción /
_cAntonio Morales Castillo.
260 _aCiudad Trujillo, República Dominicana :
_bMontalvo,
_c1946.
300 _a63 p. ;
_c20 cm.
049 _aBNPD
999 _c21540
_d21540